| 000 | 00955nac a22002417a 4500 | ||
|---|---|---|---|
| 001 | BR8703906 | ||
| 003 | BR-BrBNA | ||
| 005 | 20240105120518.0 | ||
| 008 | 230509b bl.|||m| |||| 00| 0 por d | ||
| 040 |
_aBR-BrBNA _bpor _cBiblioteca Nacional de Agricultura |
||
| 072 | _aF01; L01; A50 | ||
| 090 | _aF01 BR8703906 | ||
| 110 | 1 |
_aSecretaria da Agricultura e Abastecimento do Estado de Sao Paulo, Sao Paulo (Brasil). Coordenadoria da Pesquisa Agropecuaria _98278 |
|
| 245 | 1 | _aSintese das atividades realizadas no periodo 1983-1986 | |
| 260 | 3 |
_aSao Paulo, SP (Brasil): _c1987. |
|
| 300 | _a38 p. | ||
| 490 |
_aComunicacao da Pesquisa Agropecuaria - Secretaria da Agricultura e Abastecimento do Estado de Sao Paulo. Coordenadoria da Pesquisa Agropecuaria (Brazil) _vv. 5(1) _x |
||
| 650 | _aPRODUTO AGRICOLA | ||
| 650 | _aPRODUCAO ANIMAL | ||
| 650 | _aPESQUISA AGRICOLA | ||
| 909 |
_a202312 _bLúcia Elande _c55 _dLúcia Elande |
||
| 942 |
_2AGRIS _n0 _cMS |
||
| 999 |
_c279876 _d279876 |
||